Displaced workers : differences in nonmetro and metro experience in the mid-1990s /

Bibliographic Details
Main Author: Hamrick, Karen S.
Corporate Author: United States. Department of Agriculture. Economic Research Service
Format: Government Document Microform Book
Language:English
Published: Washington, D.C. : U.S. Dept. of Agriculture, Economic Research Service, [2001]
Series:Rural development research report ; no. 92.
Subjects:
Online Access:Adobe Acrobat Reader required

MARC

Tag First Indicator Second Indicator Subfields
LEADER 00000cam a2200000 a 4500
001 in00001655352
005 20211202194457.0
007 he bmb024bbca
008 020117s2001 dcua bb f000 0 eng
035 |a (OCoLC)ocm48833845 
040 |a GPO  |c GPO  |d DLC  |d MvI  |d UtOrBLW 
042 |a pcc 
043 |a n-us--- 
049 |a UMIC  |a WWW 
074 |a 0024-G-02 (MF) 
074 |a 0024-G-02 (online) 
086 0 |a A 93.41:92 
100 1 |a Hamrick, Karen S. 
245 1 0 |a Displaced workers :  |b differences in nonmetro and metro experience in the mid-1990s /  |c Karen S. Hamrick. 
264 1 |a Washington, D.C. :  |b U.S. Dept. of Agriculture, Economic Research Service,  |c [2001] 
300 |a iv, 36 pages :  |b color illustrations ;  |c 28 cm. 
336 |a text  |b txt  |2 rdacontent 
337 |a microform  |b h  |2 rdamedia 
338 |a microfiche  |b he  |2 rdacarrier 
490 1 |a Rural development research report ;  |v no. 92 
500 |a Cover title. 
500 |a "October 2001"--P. i. 
500 |a Shipping list number: 2002-0106-M. 
500 |a Shipping List Date: 01/15/2002 
504 |a Includes bibliographical references (pages 30-36). 
530 |a Also available via Internet from the ERS Web site (PDF file only). Address as of 1-22-02: http://www.ers.usda.gov/publications/rdrr92/rdrr92.pdf; current access is available via PURL. 
533 |a Microfiche.  |b [Washington, D.C.] :  |c Supt. of Docs., U.S. G.P.O.,  |d 2001  |e 1 microfiche : negative. 
500 |a Microform. 
650 0 |a Displaced workers  |z United States. 
650 0 |a Rural unemployment  |z United States. 
650 0 |a Manpower policy, Rural  |z United States. 
650 0 |a City dwellers  |x Employment  |z United States. 
710 1 |a United States.  |b Department of Agriculture.  |b Economic Research Service. 
830 0 |a Rural development research report ;  |v no. 92. 
856 4 1 |u https://purl.fdlp.gov/GPO/LPS17044  |z Adobe Acrobat Reader required  |t 0 
999 |a MARS 
999 f f |s bbf8f927-a647-3d14-b367-75e21c516ca2  |i 252d5b32-423b-347c-b0f4-dd864cdbf1ef  |t 0 
952 f f |p normal  |a Texas A&M University  |b College Station  |c Sterling C. Evans Library  |d Evans: US Documents Microfiche (3rd floor)  |t 0  |e A 93.41:92  |h Superintendent of Documents classification  |i microform -- microfiche  |m A14828751224 
952 f f |a Texas A&M University  |b College Station  |c Electronic Resources  |d Available Online  |t 0  |e A 93.41:92  |h Superintendent of Documents classification 
998 f f |a A 93.41:92  |t 0  |l Available Online 
998 f f |a A 93.41:92  |t 0  |l Evans: US Documents Microfiche (3rd floor)